Online
Catalog

Fundamentos de electrónica física y microelectrónica / (Record no. 10417)

MARC details
000 -CABECERA
campo de control de longitud fija 00854cam a2200241 a 4500
001 - NÚMERO DE CONTROL
campo de control 000010662
005 - FECHA Y HORA DE LA ÚLTIMA TRANSACCIÓN
campo de control 20200929162250.0
008 - DATOS DE LONGITUD FIJA--INFORMACIÓN GENERAL
campo de control de longitud fija 021125s1996 xxua 001 0 spa d
020 ## - NÚMERO INTERNACIONAL ESTÁNDAR DEL LIBRO
Número Internacional Estándar del Libro 020165363X
040 ## - FUENTE DE LA CATALOGACIÓN
Centro catalogador/agencia de origen DO-SdBNP
Lengua de catalogación spa
Centro/agencia transcriptor LC
Centro/agencia modificador BNPHU
082 ## - NÚMERO DE LA CLASIFICACIÓN DECIMAL DEWEY
Número de clasificación 621.381
Número de documento/Ítem A328f
049 ## - FONDOS LOCALES (OCLC)
Fondos de biblioteca BNGR
100 1# - ENTRADA PRINCIPAL--NOMBRE DE PERSONA
Nombre de persona Albella, José María
9 (RLIN) 25830
245 10 - MENCIÓN DE TÍTULO
Título Fundamentos de electrónica física y microelectrónica /
Mención de responsabilidad, etc. J. M. Albella, J. M. Martínez-Duart.
260 ## - PUBLICACIÓN, DISTRIBUCIÓN, ETC.
Lugar de publicación, distribución, etc. Wilmington, Estados Unidos :
Nombre del editor, distribuidor, etc. Addison-Wesley Iberoamericana ;
Lugar de publicación, distribución, etc. Madrid :
Nombre del editor, distribuidor, etc. Universidad Autónoma de Madrid,
Fecha de publicación, distribución, etc. 1996.
300 ## - DESCRIPCIÓN FÍSICA
Extensión xvi, 476 p. :
Otras características físicas il. ;
Dimensiones 24 cm.
500 ## - NOTA GENERAL
Nota general Incluye índice de materias.
650 #4 - PUNTO DE ACCESO ADICIONAL DE MATERIA--TÉRMINO DE MATERIA
Término de materia o nombre geográfico como elemento de entrada Ingeniería electrónica
9 (RLIN) 25831
650 #4 - PUNTO DE ACCESO ADICIONAL DE MATERIA--TÉRMINO DE MATERIA
Término de materia o nombre geográfico como elemento de entrada Microelectrónica
9 (RLIN) 25832
650 #4 - PUNTO DE ACCESO ADICIONAL DE MATERIA--TÉRMINO DE MATERIA
Término de materia o nombre geográfico como elemento de entrada Circuitos eléctricos
9 (RLIN) 25833
910 ## - DATOS DE OPCIÓN DEL USUARIO (OCLC)
Datos de opción del usuario Catalogación por copia / LC
910 ## - DATOS DE OPCIÓN DEL USUARIO (OCLC)
Datos de opción del usuario WM
Holdings
Estado de retiro Estado de pérdida Restricciones de uso No para préstamo Código de colección Localización permanente Ubicación/localización actual Ubicación en estantería Fecha de adquisición Número de inventario Total de préstamos Signatura topográfica completa Código de barras Fecha visto por última vez Precio válido a partir de Tipo de ítem Koha Número de copia
    Préstamo especial   Monografías: Libros y Folletos General General Depósito 08.10.2009 LF1   621.381 A328f 10662-10 25.06.2020 25.06.2020 Préstamo especial  
      Excluido de préstamo Monografías: Libros y Folletos General General Depósito 19.10.2009 LF1   621.381 A328f 10662-20 25.06.2020 25.06.2020 No se presta e. 2
  Extraviado     Monografías: Libros y Folletos General General Extraviado 19.10.2009 LF1   621.381 A328f 10662-30 25.06.2020 25.06.2020 Préstamo en sala e. 3

Powered by Koha